Polskie kluby piłkarskie 3 ligi - grupa 2 - Statystyki

Ogólne statystyki
  • Ten quiz został rozwiązany 18 razy
  • Średni wynik to 7 z 18
Statystyki odpowiedzi
# Kluby - grupa 2 % Poprawnych
2 Elana Toruń
93%
5 Zawisza Bydgoszcz
80%
14 Flota Świnoujście
53%
7 Pogoń Nowe Skalmierzyce
53%
3 Unia Swarzędz
53%
13 Sokół Kleczew
40%
8 Vineta Wolin
40%
18 KP Starogard Gdański
33%
10 Polonia Środa Wielkopolska
33%
15 Stolem Gniewino
33%
1 Świt Szczecin
33%
17 Unia Solec Kujawski
33%
12 Cartusia Kartuzy
27%
6 Pogoń Szczecin II
27%
4 Błękitni Stargard Szczeciński
20%
9 Noteć Czarnków
20%
11 Gedania 1922
13%
16 GOSRiT Luzino
13%
Nie znaleziono quizów pasujących do podanych kryteriów
Rozkład punktacji
Procent ludzi z każdym wynikiem
Percentyl według liczby udzielonych odpowiedzi
Twoja historia wyników
Nie rozwiązałeś tego quizu